Asia Life Sciences [Open Access International Scientific Journal]

Na minha lista:
Detalhes bibliográficos
Formato: Periódico
Publicado em: [Manila] Rushing Water Publishers
Tags: Adicionar Tag
Sem tags, seja o primeiro a adicionar uma tag!

MARC

LEADER 00000nas1a2200000 4500
001 0307828
005 20250326135756.8
022 |a 0117-3375 
044 |a PH 
245 1 0 |a Asia Life Sciences  |b [Open Access International Scientific Journal] 
264 1 |a [Manila]  |b Rushing Water Publishers